banner koha

Relatorio da pesquisa do amendoim no Rio Grande do Sul, periodo 1966-1967 [Arachis hypogaea, Brasil] (Registro n. 13543)

MARC details
000 -LÍDER
campo de controle de tamanho fixo 00853nam a22002657a 4500
001 - NÚMERO DE CONTROLE
campo de controle BR6600373
003 - IDENTIFICADOR DO NÚMERO DE CONTROLE
campo de controle BR-BrBNA
005 - DATA E HORÁRIO DA ÚLTIMA TRANSAÇÃO
campo de controle 20230928083441.0
007 - CAMPO FIXO DE DESCRIÇÃO FÍSICA--INFORMAÇÃO GERAL
campo de controle de tamanho fixo ta
008 - CAMPO DE DADOS FIXOS--INFORMAÇÃO GERAL
campo de controle de tamanho fixo 230509b bl.||||| |||| 00| 0 por d
040 ## - FONTE DA CATALOGAÇÃO
Instituição da catalogação original BR-BrBNA
Idioma da catalogação por
Instituição que transcreveu o registro Biblioteca Nacional de Agricultura
041 ## - CÓDIGO DE IDIOMA
Código do idioma do texto/trilha sonora ou título diferente (Por)
072 ## - CÓDIGO DE CATEGORIA DE ASSUNTO
Código de Categoria de Assunto A50
Código do objeto /G514
090 ## - NÚMERO DE CHAMADA LOCAL
-- A50 BR6600373
100 1# - ENTRADA PRINCIPAL--NOME PESSOAL
Nome pessoal Potolowsky, C.Q.
110 1# - ENTRADA PRINCIPAL--NOME CORPORATIVO
Nome corporativo ou nome da jurisdição Instituto de Pesquisa Agropecuaria do Sul, Pelotas, RS (Brasil)
9 (RLIN) 6097
245 1# - TÍTULO
Título Relatorio da pesquisa do amendoim no Rio Grande do Sul, periodo 1966-1967 [Arachis hypogaea, Brasil]
260 3# - PUBLICAÇÃO, DISTRIBUIÇÃO, ETC.
Local de publicação, distribuição, etc. Pelotas, RS (Brasil):
Data da publicação, distribuição, etc. 1966.
300 ## - DESCRIÇÃO FÍSICA
Extensão 75 p.
500 ## - NOTA GERAL
Nota geral 12 illus. (*) Documento disponível na(o) EMBRAPA, Brasilia, DF (Brazil)
650 ## - ASSUNTO--TERMO TÓPICO
Cabeçalho tópico ou nome geográfico PESQUISA AGRICOLA
650 ## - ASSUNTO--TERMO TÓPICO
Cabeçalho tópico ou nome geográfico AMENDOIM
909 ## -
-- 202309
-- Lucia
-- 55
-- Lucia Elande
942 ## - ELEMENTOS DE ENTRADA ADICIONADOS (KOHA)
Tipo de material Koha Livros
Exemplares
Situação do descarte Fonte da classificação ou esquema de arquivamento na estante Situação física Não pode ser emprestado Biblioteca de origem Biblioteca atual Total de empréstimos Data de último acesso Número do exemplar Tipo de material Koha Nota pública Situação das perdas Data de aquisição Fonte de aquisição Qualificador de local codificado Custo, preço normal de compra Número do inventário Custo, preço de reposição Preço efetivo de
  Classificação AGRIS   INDISPONÍVEL Biblioteca Nacional de Agricultura - Binagri Biblioteca Nacional de Agricultura - Binagri   25/09/2023 01 Livros (*) Documento disponível na(o) EMBRAPA, Brasilia, DF (Brazil) Em falta 2023-09-25 Portaria Interministerial nº 164/94          

BINAGRI

Telefone: (61)3218-2567/2388/3357/2097 - binagri@agro.gov.br

Ministério da Agricultura e Pecuária , Esplanada dos Ministérios, Bloco D, Anexo B, Brasília/DF, CEP: 70.043-900